Microsoft Excel 2016: Bible (Record no. 17253)

MARC details
000 -LEADER
fixed length control field 00445nam a2200169Ia 4500
008 - FIXED-LENGTH DATA ELEMENTS--GENERAL INFORMATION
fixed length control field 230917s9999||||xx |||||||||||||| ||und||
020 ## - ISBN
Price USD54.99
040 ## - CATALOGING SOURCE
-- 230195
Original cataloging agency VIVEKANANDA LIBRARY
041 ## - Language
-- English
082 ## - DDC NUMBER
Classification number 005.54 W15M
100 ## - MAIN ENTRY--PERSONAL NAME
Personal name Walkenbach, John
245 #0 - TITLE STATEMENT
Title Microsoft Excel 2016: Bible
260 ## - PUBLICATION, DISTRIBUTION, ETC. (IMPRINT)
Place of publication, distribution, etc Indianpolis
Name of publisher, distributor, etc Wiley
Date of publication, distribution, etc 2016
300 ## - PHYSICAL DESCRIPTION
Pages xiv, 1106 p.
500 ## - GENERAL NOTE
General note 2244 08/01/2016 PBA15/705 08/01/2016 Main Budget
942 ## - ADDED ENTRY ELEMENTS (KOHA)
Koha item type Books
Holdings
Withdrawn status Lost status Damaged status Not for loan Location (home branch) Sublocation or collection (holding branch) Shelving location Date acquired Koha issues (times borrowed) Koha full call number Accession No. Koha date last seen Koha item type
        VIVEKANANDA LIBRARY VIVEKANANDA LIBRARY IMSAR Library 29/03/2016 3 005.54 W15M 356245 03/03/2025 Books
© Designed and Maintained by Vivekananda Library, MDU Rohtak